Grundriss der Geographie von Italien und dem Orbis Romanus / (Record no. 156504)

MARC details
000 -LEADER
campo de control de longitud fija 00824nam a2200217 i 4500
001 - NÚMERO DE CONTROL
campo de control 156504
003 - IDENTIFICADOR DE NÚMERO DE CONTROL
campo de control ES-MaACL
005 - FECHA Y HORA DE LA ÚLTIMA TRANSACCIÓN
campo de control 20260201175158.0
008 - DATOS DE LONGITUD FIJA--INFORMACIÓN GENERAL
campo de control de longitud fija 011221s1897 gw |||| | ger d
100 1# - ENTRADA PRINCIPAL--NOMBRE DE PERSONA
Nombre de persona Jung, Julius.
9 (RLIN) 128398
245 10 - MENCIÓN DEL TÍTULO
Título Grundriss der Geographie von Italien und dem Orbis Romanus /
Mención de responsabilidad, etc. von Julius Jung.
250 ## - MENCION DE EDICION
Mención de edición 2 Aufl. umgearbeitete und vermehrte.
260 ## - PUBLICACIÓN, DISTRIBUCIÓN, ETC.
Lugar de publicación, distribución, etc. München :
Nombre del editor, distribuidor, etc. Beck,
Fecha de publicación, distribución, etc. 1897.
300 ## - DESCRIPCIÓN FÍSICA
Extensión VIII, 178 p. ;
Dimensiones 26 cm.
490 1# - MENCIÓN DE SERIE
Mención de serie Handbuch der klassischen Altertumswissenschaft in systematischer Darstellung ;
Designación de volumen o secuencia 3
651 #4 - PUNTO DE ACCESO ADICIONAL DE MATERIA--NOMBRE GEOGRÁFICO
Nombre geográfico Roma-
Subdivisión general Geografía.
9 (RLIN) 164751
752 ## - ENTRADA AGREGADA--NOMBRE JERÁRQUICO DEL LUGAR
País o entidad superior Alemania -
Ciudad Munich
830 1# - PUNTO DE ACCESO ADICIONAL DE SERIE-TÍTULO UNIFORME
Título uniforme Handbuch der klassischen Altertums-Wissenschaft in systematischer Darstellung
Designación de volumen o secuencia 3
9 (RLIN) 218672
852 ## - LOCALIZACIÓN
Ubicación ES-MaACL
Número de control de estantería F-15190
Nota libre - Enc. tela
Holdings
Estatus retirado Estado de pérdida Estado de daño No para préstamo Colección Biblioteca de origen Biblioteca actual Ubicación en estantería Fecha de adquisición Fuente de adquisición Total de préstamos Signatura topográfica completa Código de barras Visto por última vez Precio de reemplazo Tipo de ítem Koha
        Libros del s. XIX Biblioteca del Ateneo de Madrid Biblioteca del Ateneo de Madrid Sala Pecera Planta 2 17/01/2008     F-15190 1163740 23/02/2023 23/02/2023 Libro impreso antiguo